[Event "Mittelfranken-chTB2b 1819"]
[Site "Mittelfranken"]
[Date "2019.03.03"]
[Round "6.8"]
[White "Zeug, Klaus Peter"]
[Black "Gstaltmeyr, Karl"]
[Result "0-1"]
[WhiteElo "1479"]
[BlackElo "1706"]
[PlyCount "88"]
[EventDate "2018.10.14"]
[EventType "team-tourn"]
[EventRounds "9"]
[EventCountry "GER"]
[SourceTitle "EXT 2022"]
[Source "ChessBase"]
[SourceDate "2021.10.06"]
[SourceVersion "1"]
[SourceVersionDate "2021.10.06"]
[SourceQuality "1"]
[WhiteTeam "Nuernberg SK 1911 II"]
[BlackTeam "Schwanstetten"]
[WhiteTeamCountry "GER"]
[BlackTeamCountry "GER"]

1. e4 e5 2. Nf3 Nc6 3. Bc4 Be7 4. 0-0 Nf6 5. d3 0-0 6. a3 d6 7. h3 a5 8. Re1 Bd7 9. Kh2 Na7 10. Nc3 b5 11. Ba2 b4 12. axb4 axb4 13. Nd5 Nxd5 14. Bxd5 Nc6 15. Rxa8 Qxa8 16. Bd2 Qb8 17. Rf1 Nd8 18. Qe1 c5 19. Qa1 Kh8 20. Qa2 f5 21. Ra1 Bc6 22. Qb3 Bxd5 23. Qxd5 fxe4 24. Qxe4 Qb7 25. Qxb7 Nxb7 26. Ra7 Rb8 27. Kg1 h6 28. b3 Kh7 29. Nh2 Bd8 30. f4 c4 31. Kh1 cxb3 32. cxb3 Nc5 33. fxe5 dxe5 34. Bc1 Nxd3 35. Bd2 Nf2+ 36. Kg1 Bb6 37. Rf7 Ne4+ 38. Kf1 Nxd2+ 39. Ke2 Nxb3 40. Re7 Na1 41. Nf3 b3 42. Rxe5 Bc7 43. Rc5 b2 44. Nd2 Nb3 0-1

[Event "Nuremberg Zabo op 18th"]
[Site "Nuremberg"]
[Date "2016.09.18"]
[Round "5"]
[White "Grasser, Stefan"]
[Black "Zeug, Klaus Peter"]
[Result "1-0"]
[WhiteElo "1668"]
[BlackElo "1486"]
[PlyCount "95"]
[EventDate "2016.09.16"]
[EventType "swiss"]
[EventRounds "5"]
[EventCountry "GER"]
[SourceTitle "EXT 2018"]
[Source "ChessBase"]
[SourceDate "2017.10.13"]
[SourceVersion "1"]
[SourceVersionDate "2017.10.13"]
[SourceQuality "1"]

1. c4 e6 2. Nc3 Nf6 3. g3 d5 4. cxd5 exd5 5. Bg2 c6 6. d3 Bd6 7. Nf3 0-0 8. 0-0 Re8 9. Qc2 Nbd7 10. Re1 Ne5 11. d4 Nxf3+ 12. Bxf3 Bh3 13. Bd2 Qd7 14. e4 dxe4 15. Nxe4 Nxe4 16. Rxe4 Bf5 17. Rxe8+ Rxe8 18. Qc3 Bg6 19. Be3 a6 20. Rd1 Be4 21. Bxe4 Rxe4 22. Kg2 Re8 23. d5 cxd5 24. Rxd5 Qe6 25. Qd3 Be7 26. Rd7 Qc6+ 27. f3 h6 28. Bf4 Bf6 29. Rc7 Qb6 30. b3 Rd8 31. Qc4 Qe6 32. Qxe6 fxe6 33. Rxb7 e5 34. Be3 Rd3 35. Kf2 Rd6 36. Ke2 Rc6 37. Kd3 Rd6+ 38. Ke4 Rc6 39. Rb6 Rc2 40. Rxa6 Rxh2 41. g4 Rb2 42. Bxh6 Re2+ 43. Kd3 Rb2 44. Be3 Kh7 45. g5 Bd8 46. Bd2 Rb1 47. g6+ Kg8 48. Ra8 1-0

[Event "Mittelfranken-ch QT"]
[Site "Nuremberg"]
[Date "2015.04.01"]
[Round "2"]
[White "Lais, Thomas"]
[Black "Zeug, Klaus Peter"]
[Result "1-0"]
[WhiteElo "1936"]
[BlackElo "1613"]
[PlyCount "63"]
[EventDate "2015.04.01"]
[EventType "swiss"]
[EventRounds "7"]
[EventCountry "GER"]
[SourceTitle "CBM 166 Extra"]
[Source "ChessBase"]
[SourceDate "2015.06.18"]
[SourceVersion "1"]
[SourceVersionDate "2015.06.18"]
[SourceQuality "1"]

1. e4 e5 2. Nf3 Nc6 3. Bb5 a6 4. Ba4 Nf6 5. Qe2 b5 6. Bb3 Be7 7. c3 d6 8. 0-0 0-0 9. Rd1 Bb7 10. d4 Qc8 11. h3 Nd7 12. Nbd2 Na7 13. Nf1 c5 14. Ng3 cxd4 15. Nf5 Nc6 16. cxd4 Qc7 17. d5 Nd4 18. Nxe7+ Kh8 19. Nxd4 exd4 20. Nf5 Rae8 21. Nxd4 Nc5 22. f3 Qb6 23. Be3 Qd8 24. Qf2 Qf6 25. Nf5 Nxb3 26. axb3 Qg6 27. Bd4 Rg8 28. Qg3 Qxg3 29. Nxg3 Bc8 30. Rdc1 Rgf8 31. Rc7 Kg8 32. Nh5 1-0

[Event "Seebach op 23rd"]
[Site "Grossenseebach"]
[Date "2012.06.08"]
[Round "4"]
[White "Zeug, Klaus Peter"]
[Black "Kulok, Solomon"]
[Result "1/2-1/2"]
[WhiteElo "1483"]
[BlackElo "1759"]
[PlyCount "98"]
[EventDate "2012.06.07"]
[EventType "swiss"]
[EventRounds "7"]
[EventCountry "GER"]
[SourceTitle "EXT 2013"]
[Source "ChessBase"]
[SourceDate "2012.11.22"]
[SourceVersion "1"]
[SourceVersionDate "2012.11.22"]
[SourceQuality "1"]

1. e4 c5 2. Nc3 e6 3. f4 d5 4. Nf3 Nf6 5. e5 Nfd7 6. Bb5 Nc6 7. 0-0 Be7 8. d3 a6 9. Bxc6 bxc6 10. Qe1 Bb7 11. Qg3 g6 12. Bd2 h6 13. Rae1 Nf8 14. Kh1 Qd7 15. Qf2 Qc7 16. Na4 Nd7 17. Rd1 0-0-0 18. Qe1 Rdg8 19. Ba5 Qb8 20. Nd2 Ba8 21. c4 Bd8 22. Bxd8 Kxd8 23. Rb1 Ke7 24. a3 g5 25. f5 Qxe5 26. Qxe5 Nxe5 27. Nxc5 Kd6 28. b4 Rd8 29. Rb3 a5 30. fxe6 fxe6 31. Rf6 Rde8 32. Rb1 axb4 33. axb4 Ng4 34. Rf7 Ne5 35. Rff1 Rh7 36. h3 Bb7 37. Ra1 Bc8 38. Rf6 Nd7 39. Nxd7 Bxd7 40. c5+ Ke7 41. Raf1 Rb8 42. R6f2 Rxb4 43. Nf3 Rf7 44. d4 Rf6 45. Kg1 Be8 46. Ra2 Rb7 47. Ra6 Bd7 48. Ne5 Rxf1+ 49. Kxf1 Rc7 1/2-1/2

[Event "Nuremberg LGA Cup 8th"]
[Site "Nuremberg"]
[Date "2011.09.11"]
[Round "7"]
[White "Siegl, Adrian"]
[Black "Zeug, Klaus Peter"]
[Result "1-0"]
[WhiteElo "1558"]
[BlackElo "1496"]
[PlyCount "33"]
[EventDate "2011.09.08"]
[EventType "swiss"]
[EventRounds "7"]
[EventCountry "GER"]
[SourceTitle "CBM 144 Extra"]
[Source "ChessBase"]
[SourceDate "2011.10.28"]
[SourceVersion "1"]
[SourceVersionDate "2011.10.28"]
[SourceQuality "1"]

1. e4 e5 2. f4 Bc5 3. Nf3 d6 4. h3 Nf6 5. Nc3 Nc6 6. Bc4 0-0 7. d3 a6 8. g4 b5 9. Bb3 h6 10. f5 Nd4 11. Nxd4 Bxd4 12. h4 b4 13. Ne2 Nxg4 14. Nxd4 c5 15. Qxg4 cxd4 16. Bxh6 Qf6 17. Bg5 1-0

[Event "Nuremberg LGA Cup 8th"]
[Site "Nuremberg"]
[Date "2011.09.11"]
[Round "6"]
[White "Zeug, Klaus Peter"]
[Black "Muenzenberg, Dietrich"]
[Result "0-1"]
[WhiteElo "1496"]
[BlackElo "1598"]
[PlyCount "100"]
[EventDate "2011.09.08"]
[EventType "swiss"]
[EventRounds "7"]
[EventCountry "GER"]
[SourceTitle "CBM 144 Extra"]
[Source "ChessBase"]
[SourceDate "2011.10.28"]
[SourceVersion "1"]
[SourceVersionDate "2011.10.28"]
[SourceQuality "1"]

1. e4 c5 2. Nc3 Nc6 3. f4 e6 4. Nf3 a6 5. d3 d6 6. Be2 g6 7. 0-0 Bg7 8. Qe1 Nge7 9. Kh1 b5 10. a3 Nd4 11. Nxd4 Bxd4 12. Bf3 Bg7 13. f5 Be5 14. fxe6 Bxe6 15. Bh6 Nc6 16. Qd2 Qh4 17. g3 Qd8 18. Nd1 Nd4 19. Bg2 Qe7 20. Bg5 Qd7 21. Bf6 0-0 22. Bxe5 dxe5 23. Nc3 Rad8 24. Qf2 Bh3 25. Nd5 Bxg2+ 26. Kxg2 f5 27. Qd2 Kg7 28. Ne3 f4 29. Nd5 Qg4 30. Qf2 f3+ 31. Kh1 h5 32. c3 Ne2 33. Ne3 Qh3 34. a4 Rxd3 35. Nd5 b4 36. cxb4 cxb4 37. Nxb4 Rd2 38. b3 a5 39. Nc6 Rc2 40. Rac1 Rxc1 41. Rxc1 Nxc1 42. Nxe5 Qg2+ 43. Qxg2 fxg2+ 44. Kxg2 Nxb3 45. Nd3 Rd8 46. Nf2 Kf6 47. Kf3 Ke5 48. Ke3 Nc5 49. g4 Rd4 50. gxh5 gxh5 0-1

[Event "Nuremberg LGA Cup 8th"]
[Site "Nuremberg"]
[Date "2011.09.09"]
[Round "3"]
[White "Lange, Carsten"]
[Black "Zeug, Klaus Peter"]
[Result "1-0"]
[WhiteElo "1886"]
[BlackElo "1496"]
[PlyCount "49"]
[EventDate "2011.09.08"]
[EventType "swiss"]
[EventRounds "7"]
[EventCountry "GER"]
[SourceTitle "CBM 144 Extra"]
[Source "ChessBase"]
[SourceDate "2011.10.28"]
[SourceVersion "1"]
[SourceVersionDate "2011.10.28"]
[SourceQuality "1"]

1. g3 d5 2. Nf3 e6 3. Bg2 Nf6 4. 0-0 Nc6 5. d4 Be7 6. c4 h5 7. Nc3 dxc4 8. Qa4 Nd5 9. Qxc4 Nxc3 10. bxc3 Bd7 11. e4 Na5 12. Qe2 h4 13. Be3 hxg3 14. hxg3 Bc6 15. Ne5 Bf6 16. Nxc6 Nxc6 17. e5 Be7 18. Rab1 Qc8 19. Qb5 a6 20. Bxc6+ bxc6 21. Qxc6+ Kf8 22. Rb7 Bd8 23. Rfb1 Ke7 24. d5 exd5 25. Bc5# 1-0

[Event "Mittelfranken-ch QT 55th"]
[Site "Postbauer"]
[Date "2006.04.15"]
[Round "7"]
[White "Zeug, Klaus Peter"]
[Black "Lohse, Dirk"]
[Result "1/2-1/2"]
[WhiteElo "1418"]
[BlackElo "1540"]
[PlyCount "36"]
[EventDate "2006.04.12"]
[EventType "swiss"]
[EventRounds "7"]
[EventCountry "GER"]
[SourceTitle "EXT 2015"]
[Source "ChessBase"]
[SourceDate "2014.11.20"]
[SourceVersion "1"]
[SourceVersionDate "2014.11.20"]
[SourceQuality "1"]

1. e4 c5 2. Nf3 Nc6 3. Bb5 a6 4. Bxc6 bxc6 5. 0-0 g6 6. c3 Bg7 7. d4 cxd4 8. cxd4 Nf6 9. Nc3 0-0 10. Bf4 d6 11. Qd2 Re8 12. h3 Bb7 13. Rfe1 Nd7 14. e5 Qc7 15. e6 fxe6 16. Rxe6 Nf6 17. Rae1 Rad8 18. R1e2 Bc8 1/2-1/2

[Event "Mittelfranken-ch QT 55th"]
[Site "Postbauer"]
[Date "2006.04.13"]
[Round "4"]
[White "Balhar, Michael"]
[Black "Zeug, Klaus Peter"]
[Result "0-1"]
[WhiteElo "1632"]
[BlackElo "1418"]
[PlyCount "62"]
[EventDate "2006.04.12"]
[EventType "swiss"]
[EventRounds "7"]
[EventCountry "GER"]
[SourceTitle "EXT 2015"]
[Source "ChessBase"]
[SourceDate "2014.11.20"]
[SourceVersion "1"]
[SourceVersionDate "2014.11.20"]
[SourceQuality "1"]

1. d4 d5 2. c4 c6 3. cxd5 cxd5 4. Nf3 Nf6 5. Nc3 Nc6 6. Bf4 Bf5 7. e3 e6 8. Bb5 a6 9. Qa4 axb5 10. Qxb5 Qd7 11. Ne5 Nxe5 12. Bxe5 Be7 13. Bxf6 Bxf6 14. Qe2 0-0 15. g4 Bg6 16. h4 h6 17. f4 Be7 18. h5 Bh7 19. g5 hxg5 20. fxg5 Bxg5 21. Rg1 Bh6 22. Kf2 f5 23. Rg2 f4 24. Qg4 fxe3+ 25. Ke2 Rf7 26. a4 Raf8 27. Rag1 Rf2+ 28. Rxf2 Rxf2+ 29. Ke1 Rxb2 30. Qg3 Qc8 31. Nd1 Rb1 0-1

[Event "Mittelfranken-ch QT 55th"]
[Site "Postbauer"]
[Date "2006.04.12"]
[Round "1"]
[White "Zeug, Klaus Peter"]
[Black "Schloetterer, Hermann"]
[Result "0-1"]
[WhiteElo "1418"]
[BlackElo "1959"]
[PlyCount "54"]
[EventDate "2006.04.12"]
[EventType "swiss"]
[EventRounds "7"]
[EventCountry "GER"]
[SourceTitle "EXT 2015"]
[Source "ChessBase"]
[SourceDate "2014.11.20"]
[SourceVersion "1"]
[SourceVersionDate "2014.11.20"]
[SourceQuality "1"]

1. e4 c5 2. Nf3 Nc6 3. d4 cxd4 4. Nxd4 Nf6 5. Nc3 e5 6. Ndb5 d6 7. Bg5 a6 8. Na3 Be7 9. Be2 b5 10. Nd5 Nxd5 11. Qxd5 Bb7 12. Bxe7 Qxe7 13. Qd2 0-0 14. c3 f5 15. Bf3 Na5 16. Qe2 fxe4 17. Bxe4 d5 18. Bc2 b4 19. Nb1 e4 20. 0-0 Nc4 21. Bb3 Ne5 22. cxb4 Kh8 23. a3 Qh4 24. Nc3 d4 25. Na4 Rf6 26. Nc5 Nf3+ 27. gxf3 Rh6 0-1

[Event "Nuremberg-ch op 04th"]
[Site "Nuremberg"]
[Date "2004.05.23"]
[Round "4"]
[White "Linkies, Sebastian"]
[Black "Zeug, Klaus Peter"]
[Result "0-1"]
[WhiteElo "1146"]
[BlackElo "1578"]
[PlyCount "87"]
[EventDate "2004.05.21"]
[EventType "swiss"]
[EventRounds "5"]
[EventCountry "GER"]
[SourceTitle "EXT 2006"]
[Source "ChessBase"]
[SourceDate "2005.11.24"]
[SourceVersion "1"]
[SourceVersionDate "2005.11.24"]
[SourceQuality "1"]

1. e4 e5 2. Nf3 Nc6 3. Bb5 a6 4. Ba4 Nf6 5. d3 b5 6. Bb3 Be7 7. 0-0 d6 8. Nc3 Bg4 9. Bg5 Nd4 10. a3 Nxf3+ 11. gxf3 Bh5 12. Nd5 h6 13. Bxf6 Bxf6 14. Nxf6+ Qxf6 15. Kg2 c6 16. Rg1 0-0 17. c3 Rad8 18. Qe2 Rfe8 19. Bd1 d5 20. Qc2 Rd6 21. Be2 Red8 22. Rad1 Qf4 23. Qd2 Qxd2 24. Rxd2 dxe4 25. fxe4 Bxe2 26. Rxe2 Rxd3 27. Rc1 a5 28. b3 c5 29. b4 cxb4 30. axb4 a4 31. Ra2 Rc8 32. Ra3 f6 33. Kf1 Rc4 34. Ke2 Rh3 35. Rh1 Rxe4+ 36. Kd2 Rxb4 37. cxb4 Rxa3 38. Rb1 Rh3 39. Rh1 Rb3 40. Rc1 Rxb4 41. Kc3 Rh4 42. Rh1 b4+ 43. Kb2 e4 44. Kb1 0-1

[Event "Nuremberg-ch op 04th"]
[Site "Nuremberg"]
[Date "2004.05.21"]
[Round "1"]
[White "Zeug, Klaus Peter"]
[Black "Wagner, Florian"]
[Result "0-1"]
[WhiteElo "1578"]
[BlackElo "2000"]
[PlyCount "100"]
[EventDate "2004.05.21"]
[EventType "swiss"]
[EventRounds "5"]
[EventCountry "GER"]
[SourceTitle "EXT 2006"]
[Source "ChessBase"]
[SourceDate "2005.11.24"]
[SourceVersion "1"]
[SourceVersionDate "2005.11.24"]
[SourceQuality "1"]

1. e4 c5 2. Nf3 Nc6 3. d4 cxd4 4. Nxd4 Nf6 5. Nc3 e5 6. Ndb5 d6 7. Bg5 a6 8. Na3 b5 9. Nd5 Be7 10. Bxf6 Bxf6 11. c3 0-0 12. Nc2 Bg5 13. Be2 Be6 14. Qd3 f5 15. Bf3 Ra7 16. 0-0 f4 17. a4 bxa4 18. Rxa4 a5 19. Rfa1 Qb8 20. b4 Bd8 21. b5 Ne7 22. Nxe7+ Rxe7 23. c4 Bb6 24. Rd1 Rd8 25. Kf1 Rc7 26. Be2 Qc8 27. Na3 Rf7 28. f3 Qc5 29. Ke1 Qf2+ 30. Kd2 Qxg2 31. Kc1 Rc7 32. Nb1 d5 33. Nc3 Rxc4 34. exd5 Be3+ 35. Kb2 Rxa4 36. Nxa4 Rxd5 37. Qc2 Bd4+ 38. Nc3 Rc5 39. Bf1 Qxc2+ 40. Kxc2 Rxc3+ 41. Kb1 Bf5+ 42. Ka2 a4 43. Rd2 Rc2+ 44. Rxc2 Bxc2 45. Bc4+ Kf8 46. Ka3 Bc5+ 47. Kb2 Bb3 48. Bxb3 axb3 49. Kxb3 e4 50. fxe4 f3 0-1

[Event "Nuremberg-ch op 03rd"]
[Site "Nuremberg"]
[Date "2003.06.01"]
[Round "4"]
[White "Roth, Walter"]
[Black "Zeug, Klaus Peter"]
[Result "1-0"]
[WhiteElo "1627"]
[BlackElo "1474"]
[PlyCount "87"]
[EventDate "2003.05.30"]
[EventType "swiss"]
[EventRounds "5"]
[EventCountry "GER"]
[SourceTitle "EXT 2006"]
[Source "ChessBase"]
[SourceDate "2005.11.24"]
[SourceVersion "1"]
[SourceVersionDate "2005.11.24"]
[SourceQuality "1"]

1. e4 e5 2. Nf3 Nc6 3. Bb5 a6 4. Ba4 Nf6 5. 0-0 Be7 6. c3 b5 7. Bc2 d6 8. d4 exd4 9. cxd4 Bg4 10. Be3 0-0 11. Nbd2 Re8 12. Rc1 Qd7 13. Bb1 Rac8 14. Qc2 Nb4 15. Qd1 Bf8 16. a3 Nc6 17. Qc2 Bxf3 18. Nxf3 Nxd4 19. Bxd4 Nxe4 20. Qc6 Qxc6 21. Rxc6 a5 22. Bxe4 Rxe4 23. Rfc1 g5 24. Be3 g4 25. Nd4 Bg7 26. Nxb5 Bxb2 27. R1c2 Be5 28. Rxc7 Rxc7 29. Rxc7 d5 30. Re7 Kf8 31. Rd7 f5 32. g3 f4 33. gxf4 Bxf4 34. Bxf4 Rxf4 35. Rxd5 Kg7 36. Rd4 Rxd4 37. Nxd4 Kg6 38. a4 Kf6 39. Nc6 Ke6 40. Nxa5 Kd6 41. Nb3 Kc6 42. Kg2 Kb6 43. Kg3 h5 44. Kh4 1-0